Methods of Complex Analysis in Partial Differential Eguations with Applications /

Salvato in:
Dettagli Bibliografici
Autori principali: Kreyszig, Erwin (Autore), Kracht, Manfred (Autore)
Natura: Libro
Pubblicazione: New York : John Wiley & Sons, 1988
Tags: Aggiungi Tag
Nessun Tag, puoi essere il primo ad aggiungerne!!

MARC

LEADER 00000nam a22000003a 4500
001 stu14766
005 20190206124528.8
008 ------s1988----xxu---------------------d
040 |a STU  |b slo 
041 0
044 |a xxu 
080 |a 517.9  |7 A000003291 
100 1 |a Kreyszig, Erwin  |4 aut 
245 1 |a Methods of Complex Analysis in Partial Differential Eguations with Applications /  |c [aut.]Kracht,Manfred, Kreyszig,Erwin 
260 |a New York :  |b John Wiley & Sons,  |c 1988 
300 |a 394 s :  |b Lit.,index 
700 1 |a Kracht, Manfred  |4 aut 
996 |b C84193  |c C*84193  |l CCXX  |s P  |a 0  |w stu14766_0001